El Salvador: war and health

Guardat en:
Dades bibliogràfiques
Format: Text
Publicat: San Salvador: Committee for Professional Health Workers
Etiquetes: Afegir etiqueta
Sense etiquetes, Sigues el primer a etiquetar aquest registre!

MARC

LEADER 00000 a a2200000 04500
001 21614
003
040
090 |a 096100  
245 |a El Salvador: war and health  
260 |a San Salvador:   |b Committee for Professional Health Workers  
300 |a 119 p.  
999 |c 16356  |d 16356